书目信息 |
| 题名: |
公务员升职记
|
|
| 作者: | 孙雄 著 | |
| 分册: | ||
| 出版信息: | 石家庄 花山文艺出版社 2009.09 |
|
| 页数: | 331页 | |
| 开本: | 24cm | |
| 丛书名: | ||
| 单 册: | ||
| 中图分类: | I247.5 | |
| 科图分类: | ||
| 主题词: | 长篇小说--中国--当代 | |
| 电子资源: | ||
| ISBN: | 978-7-80755-653-4 | |
| 000 | 00894cam0 2200217 450 | |
| 001 | 012009616714 | |
| 005 | 20100619092310.76 | |
| 010 | @a978-7-80755-653-4@dCNY28.00 | |
| 100 | @a20100515d2009 em y0chiy0110 ea | |
| 101 | 0 | @achi |
| 102 | @aCN@b130000 | |
| 105 | @ay z 000ay | |
| 200 | 1 | @a公务员升职记@Agong wu yuan sheng zhi ji@f孙雄著 |
| 210 | @a石家庄@c花山文艺出版社@d2009.09 | |
| 215 | @a331页@d24cm | |
| 330 | @a公务员升职,这是最具中国特色的一种现象,永远会吸引最为众多的眼球和口水。80后女大学生刘小薇,出身贫苦山区,没有背景,没有关系,靠自己的努力,挤进了市政府办公室成为一名科员。在短短的几年内,她甘为人后,不计得失,谨慎工作,尝尽官场的酸甜苦辣,从一个普通科员升为副科长、科长,到被选为副区长,实现了一个“无知少女”的职场蜕变。 | |
| 606 | 0 | @a长篇小说@y中国@z当代 |
| 690 | @aI247.5@v4 | |
| 701 | 0 | @a孙雄@Asun xiong@4著 |
| 801 | 0 | @aCN@c20100515 |
| 905 | @dI247.5@eS962@f3 | |
| 公务员升职记/孙雄著.-石家庄:花山文艺出版社,2009.09 |
| 331页;24cm |
| ISBN 978-7-80755-653-4:CNY28.00 |
| 公务员升职,这是最具中国特色的一种现象,永远会吸引最为众多的眼球和口水。80后女大学生刘小薇,出身贫苦山区,没有背景,没有关系,靠自己的努力,挤进了市政府办公室成为一名科员。在短短的几年内,她甘为人后,不计得失,谨慎工作,尝尽官场的酸甜苦辣,从一个普通科员升为副科长、科长,到被选为副区长,实现了一个“无知少女”的职场蜕变。 |
| ● |
| 相关链接 |
|
|
|
正题名:公务员升职记
索取号:I247.5/S962
 
预约/预借
| 序号 | 登录号 | 条形码 | 馆藏地/架位号 | 状态 | 备注 |
| 1 | 988012 | 209880128 | 文学库108/108文学库 36排8列3层/ [索取号:I247.5/S962] | 在馆 | |
| 2 | 988013 | 209880137 | 文学库108/108文学库 36排8列3层/ [索取号:I247.5/S962] | 在馆 | |
| 3 | 988014 | 209880146 | 文学库108/ [索取号:I247.5/S962] | 在馆 |